000 00363nam a2200145Ia 4500
008 230917s9999||||xx |||||||||||||| ||und||
040 _e32543
_aMAIN
041 _aEnglish
082 _a910.02 G84E
100 _aGreenland, David
245 0 _aEarth in profile: A physical geography
260 _aNew York
_bHarper & Row
_c1977
300 _a468 p.
942 _cBK
999 _c37160
_d37160